Daily Capital City Riddle #65 - Statistics

General Stats
  • This quiz has been taken 50 times
  • The average score is 26 of 33
Answer Stats
Type Answer % Correct
Alphabet Letter I
100%
Alphabet Letter N
100%
Alphabet Letter A
98%
Found Letter O
98%
Alphabet Letter B
95%
Alphabet Letter C
95%
Alphabet Letter D
95%
Found Letter E
95%
Alphabet Letter R
95%
Alphabet Letter T
95%
Alphabet Letter L
93%
Found Letter S
93%
Alphabet Letter M
91%
Alphabet Letter H
88%
Alphabet Letter U
86%
Alphabet Letter G
84%
Found Letter P
84%
Alphabet Letter Y
84%
Alphabet Letter W
81%
Found Letter K
79%
Found Letter J
67%
Alphabet Letter V
65%
Alphabet Letter X
65%
Correctly Placed Letter O
63%
Correctly Placed Letter S
63%
Correctly Placed Letter E
60%
Alphabet Letter F
58%
Alphabet Letter Z
58%
Alphabet Letter Q
56%
Correctly Placed Letter J
51%
Correctly Placed Letter K
49%
Correctly Placed Letter P
49%
Mystery Capital Skopje
49%
No matching quizzes found
Score Distribution
Percent of People with Each Score
Percentile by Number Answered
Your Score History
You have not taken this quiz